McGuire v Monklands District Council (Record no. 99166)

MARC details
000 -LEADER
fixed length control field 01133cam a2200205 4500
001 - CONTROL NUMBER
control field E83657
008 - FIXED-LENGTH DATA ELEMENTS--GENERAL INFORMATION
fixed length control field 090401t1997 xxu||||| |||| 00| 0 eng d
035 ## - SYSTEM CONTROL NUMBER
System control number (Sirsi) u98333
041 ## - LANGUAGE CODE
Language code of text/sound track or separate title eng
245 ## - TITLE STATEMENT
Title McGuire v Monklands District Council
260 ## - PUBLICATION, DISTRIBUTION, ETC.
Date of publication, distribution, etc. 1997
350 ## - PRICE (NR) (BK AM CF MU VM SE) [OBSOLETE]
Price 0
490 ## - SERIES STATEMENT
Series statement Greens Housing Law Reports
Volume/sequential designation 1997 HousLR 41-44(4)
520 ## - SUMMARY, ETC.
Summary, etc. Sheriffdom of South Strathclyde, Dumfries and Galloway at Ayr. Sheriff I C Simpson. 9 February 1996. Landlord and tenant - duties of landlord to maintain subjects of tenancy in tenantable and habitable condition and reasonably fit for human habitation - notice of defects given to landlord`s employees -whether notice of defective state of premises. Process - pleading - relevancy - landlord and tenant - action for damages for dampness - landlord averring fault on part of tenant - whether averrments of fault relevant. Damages - amount - solatium - dampness and smell in house making it depressing to live in.
650 ## - SUBJECT ADDED ENTRY--TOPICAL TERM
Topical term or geographic name entry element BUILDING DEFECTS
650 ## - SUBJECT ADDED ENTRY--TOPICAL TERM
Topical term or geographic name entry element DAMPNESS
690 ## - LOCAL SUBJECT ADDED ENTRY--TOPICAL TERM (OCLC, RLIN)
Topical term or geographic name as entry element LANDLORD AND TENANT-CASE LAW-RESIDENTIAL TENANCIES
942 ## - ADDED ENTRY ELEMENTS (KOHA)
Suppress in OPAC 0
948 ## - LOCAL PROCESSING INFORMATION (OCLC); SERIES PART DESIGNATOR (RLIN)
c (OCLC) 29/04/1997
Holdings
Withdrawn status Lost status Source of classification or shelving scheme Damaged status Not for loan Home library Current library Shelving location Date acquired Total Checkouts Full call number Barcode Date last seen Copy number Price effective from Koha item type
    Other/Generic Classification Scheme     London London Journal article 03/03/2003   E83657 98333-1001 06/08/2019 1 06/08/2019 Law report